Πολυμέσα / Θεωρία και Πράξη / Κωδικοποίηση Μέσων και Επεξεργασία Περιεχομένου (Record no. 5154)
[ view plain ]
| 000 -LEADER | |
|---|---|
| fixed length control field | 01227cam a22002054a 4500 |
| 005 - ΗΜΕΡΟΜΗΝΙΑ ΚΑΙ ΩΡΑ ΤΕΛΕΥΤΑΙΑΣ ΕΝΗΜΕΡΩΣΗΣ | |
| Πεδίο ελέγχου | 20250605164205.0 |
| 008 - FIXED-LENGTH DATA ELEMENTS--GENERAL INFORMATION | |
| Πεδίο ελέγχου σταθερού μήκους | 250528s ||||||||||||||||||||||||d |
| 035 ## - SYSTEM CONTROL NUMBER | |
| System control number | 19912 |
| 020 ## - ISBN | |
| ISBN | 130313998 |
| 040 ## - ΠΗΓΗ ΚΑΤΑΛΟΓΟΓΡΑΦΗΣΗΣ | |
| Φορέας πρωτότυπης καταλογογράφησης | MC Athens Campus Library |
| Γλώσσα καταλογογράφησης | Ελληνικά, Μοντέρνα (1453-) |
| Modifying agency | MC Athens Campus Library |
| Κανόνες περιγραφικής καταλογογράφησης | AACR2 |
| 245 1# - ΤΙΤΛΟΣ ΚΑΙ ΔΗΛΩΣΗ ΥΠΕΥΘΥΝΟΤΗΤΑΣ | |
| Τίτλος | Πολυμέσα / Θεωρία και Πράξη / Κωδικοποίηση Μέσων και Επεξεργασία Περιεχομένου |
| 260 ## - PUBLICATION, DISTRIBUTION, ETC. | |
| Name of publisher, distributor, etc. | Μ. Γκιούρδας, |
| Date of publication, distribution, etc. | 2002 |
| 300 ## - PHYSICAL DESCRIPTION | |
| Extent | 280 |
| 520 ## - SUMMARY, ETC. | |
| Summary, etc. | Ένας πρακτικός και γεμάτος παραδείγματα οδηγός για κωδικοποίηση μέσων και επεξεργασία περιεχομένου. Πρόλογος, Εισαγωγή, Μέσα και Ρεύματα Δεδομένων, Τεχνολογία Ακουστικών Μέσων, Γραφικά και Εικόνες, Τεχνολογία Βίντεο, Κίνηση Μέσω Υπολογιστή, Συμπίεση Δεδομένων, Οπτικά Μέσα Αποθήκευσης, Ανάλυση Περιεχομένου, Βιβλιογραφία, Ευρετήριο. |
| 700 1# - ΠΡΟΣΘΕΤΗ ΑΝΑΓΡΑΦΗ--ΦΥΣΙΚΟ ΠΡΟΣΩΠΟ | |
| Personal name | Nahrstedt Klara |
| 9 (RLIN) | 6070 |
| 700 1# - ΠΡΟΣΘΕΤΗ ΑΝΑΓΡΑΦΗ--ΦΥΣΙΚΟ ΠΡΟΣΩΠΟ | |
| Personal name | Steinmetz Ralf |
| 9 (RLIN) | 6071 |
| 942 ## - ADDED ENTRY ELEMENTS (KOHA) | |
| Koha item type | Books |
| Τύπος τεκμηρίου | Βιβλιοθήκη | Τρέχουσα τοποθεσία | Barcode | Αριθμός εισαγωγής | Ημερομηνία απόκτησης | Ταξιθετικό σύμβολο | Αριθμός αντιτύπου | Κατάσταση απόσυρσης | Κατάσταση χαμένου | Κατάσταση κατεστραμμένου | Μη δανεισμός | Σύνολο δανεισμών | Ημερομηνία τελευταίας εμφάνισης | Η τιμή ισχύει από |
|---|---|---|---|---|---|---|---|---|---|---|---|---|---|---|
| Books | MC Athens Campus Library | MC Athens Campus Library | 9780000051530 | 6118 | 05/06/2025 | 006.7 STE | 1 | 05/06/2025 | 05/06/2025 |